000 00317nam a2200121Ia 4500
008 220204s9999 xx 000 0 und d
082 _a681.31NET
_bZAC
100 _aDoyle, Paul
245 0 _aUpgrading and repairing networks
260 _aIndianapolis
_bQue Corpration
_c1996
700 _aZacker, Craig
942 _cBK
999 _c41377
_d41377